000 00482nam a2200157Ia 4500
008 210210b1977 xxu||||| |||| 00| 0 eng d
082 _a658.5 AMRM
100 _aAMRINE (Harold T) and others.
245 _aManufacturing organisation and management. Ed 2.
250 _a
260 _aNew Delhi.
_bPrentice-Hall of India Private Limited
_c1977
300 _axiii,568
650 _aManufacturing Organisation Management
690 _aProduction Management
906 _aSG01360
999 _c112735
_d112735